| Поле | Название | Значение |
| |
Тип записи |
a |
| |
Библиографический уровень |
m |
| 001 |
Контрольный номер |
admiBOOK00013836 |
| 005 |
Дата корректировки |
20140508173850.1 |
| 010 |
Индекс ISBN |
__ |
| a |
ISBN |
5-238-00771-Х |
| d |
Цена |
150.00 |
| 100 |
Данные общей обработки |
__ |
| a |
Данные общей обработки |
19020215 |||y0 y0189 ca |
| 101 |
Язык документа |
__ |
| a |
Язык текста |
rus |
| 105 |
Кодированные данные (монография) |
__ |
| a |
Кодированные данные (монография) |
zy |
| 200 |
Заглавие и сведения об ответственности |
0_ |
| a |
Заглавие |
Интернет-журналистика |
| e |
Сведения, относящиеся к заглавию |
Учебное пособие для студентов |
| f |
Первые сведения об ответственности |
А.А.Калмыкова, Л.А.Коханова |
| 205 |
Сведения об издании |
__ |
| b |
Дополнительные сведения об издании |
Гриф УМЦ |
| 210 |
Выходные данные |
__ |
| a |
Место издания |
М |
| c |
Издательство |
ЮНИТИ-ДАНА |
| d |
Дата издания |
2005 |
| 215 |
Физическое описание |
__ |
| a |
Объем |
383с. |
| 225 |
Серия |
__ |
| a |
Серия |
Медиаобразование |
| 606 |
Тематические рубрики |
__ |
| a |
Основная рубрика |
Средства массовой информации |
| x |
Основная подрубрика |
Вычислительная техника |
| 610 |
Ключевые слова |
__ |
| a |
Ключевые слова |
Средства массовой информации |
| a |
Ключевые слова |
Интернет |
| a |
Ключевые слова |
Журналистика |
| a |
Ключевые слова |
СМИ |
| a |
Ключевые слова |
Сетевое издание |
| a |
Ключевые слова |
История интернет-журналистики |
| a |
Ключевые слова |
Медиапространство |
| a |
Ключевые слова |
Веб-редакция |
| a |
Ключевые слова |
Мировая паутина |
| a |
Ключевые слова |
Язык мировой паутины |
| a |
Ключевые слова |
Веб-журналист |
| a |
Ключевые слова |
Провайдер |
| 675 |
Индекс УДК |
__ |
| a |
Индекс УДК |
[004.738.5:070](470+571)(075.8) |
| 686 |
Индексы других классификаций |
__ |
| a |
Классификационный индекс |
76.0 |
| 700 |
Автор |
_1 |
| a |
Фамилия |
Калмыков |
| b |
Имя |
А.А. |
| 701 |
Альтернативная интеллектуальная ответственность |
_1 |
| a |
Фамилия |
Коханова Л.А. |
| 852 |
Данные о местонахождении |
__ |
| c |
Местонахождение стеллажа |
76.0 |
| j |
Шифр хранения |
76 |
| 852 |
Данные о местонахождении |
__ |
| b |
Сигла хранения |
ЧЗ_1 |
| t |
Номер экземпляра |
1 |
| i |
Авторский знак |
К17 |
| p |
Инвентарный номер |
135595 |
| 901 |
Тип документа |
__ |
| t |
Тип документа |
m |
| 911 |
|
__ |
| u |
|
952a=Учебное пособие |
| u |
|
952p=1621 |
| 938 |
Служебная информация |
__ |
| a |
Название организации |
Саранский филиал |
| b |
Имя БД |
OUTPUT.MRC_Саранск |
| c |
Название АИБС |
АИБС Библиотека |